000
00292nam a22001217a 4500
040
_c
HS
082
_a
225
100
_a
អ៊ិត សុត្ថា
245
_a
ផែនទីវិទ្យា
260
_a
Cambodia
_b
អ៊ិត សុត្ថា
_c
2011
300
_a
NA
942
_c
KB
999
_c
9431
_d
9431